000 00458nam a2200181Ia 4500
008 220805s9999 xx 000 0 und d
020 _a0 7134 7867 5
041 _aeng
082 _a725.21
100 _aCerver,Francisco Asensio
_989037
260 _aLondon
_bB T Batsford
_c1995
245 _aCommercial Space
245 _bshops,malls and boutiques
250 _a1
300 _a155
650 _aStore, Retail
_989038
650 _aArchitecture
_989039
999 _c49011
_d49011